Μουσική παρέα Σάμου 2003/2004/2005

Αποθηκεύτηκε σε:
Λεπτομέρειες βιβλιογραφικής εγγραφής
Συγγραφή απο Οργανισμό/Αρχή: Μουσική Παρέα Σάμου
Μορφή: Ηχητικό
Γλώσσα:Greek
Δημοσίευση: [Χ.τ.] : [χ.ό], 2005
Θέματα:
Ετικέτες: Προσθήκη ετικέτας
Δεν υπάρχουν, Καταχωρήστε ετικέτα πρώτοι!

MARC

LEADER 00000cjm a2200000 i 4500
001 1/66263
008 071205s2005 gr gre d
035 |l 10092854 
040 |a GR-MY-UA  |b gre  |e aacr 
041 0 |a gre 
082 0 |a 782.42  |2 (22) 
110 2 |a Μουσική Παρέα Σάμου. 
245 1 0 |a Μουσική παρέα Σάμου  |h [ηχογράφηση] :  |b 2003/2004/2005 /  |c Μουσική Παρέα Σάμου 
260 |a [Χ.τ.] :   |b [χ.ό],   |c 2005 
300 |a 1 δίσκος κόμπακτ (69 λεπτ., 67 δευτ.);  |b ψηφιακός, στέρεο;  |c 4 3/4 ίν. 
500 |a Συνοδευτικό CD του περιοδικού ΑΠΟΠΛΟΥΣ 
500 |a Σήμερα η Μουσική Παρέα της Σάμου αποτελείται από 20 άτομα 
505 0 |a 1. Καλωσόρισμα2. Ένα σπίρτο στο τραπέζι3. Νύχτωσε νύχτα4. Μια θάλασσα μικρή5. Τα παιδιά με τη πλατεία6. Δυο ξένοι7. Αθανασία8. Άγγελος9. Το περιβόλι10. Προσωπικές οπτασίες11. Ζειμπέκικο12. Η μέρα εκείνη δεν θ'αργήσει13. Ο Γιάννης ο φονιάς14. Στάσιμο15. Έρχεται βροχή16. Για ένα τανγκό17. Το όνειρο καπνός18. Καλοκαίρι19. Η σωματική ανάγκη20. Με τι καρδιά το κόσμο ν'αρνηθώ21. Ορχηστρικό 
508 |a Καλλιτεχνική επιμέλεια του εξωφύλλου: Άγγελος Έλληνας, Φωτογραφία εξωφύλλου: Γιώργος Σκαπέτης, Εγγραφές σε CD: Χρήστος Φάκας 
511 |a Μαστρογιάννης Διονύσης, ακορντεόν. Σοφιανός Δημήτρης, βιολί. Χατζημιχάλης Τάκης, Κουτράκης Σταύρος, κιθάρα. Κουτράκης Σταύρος, Σκαπέτης Γιώργος, κρουστά. Μπατίστα Κοραλία, Λεοντίδης Βαγγέλης, πλήκτρα. Τζάνεβα Κρασιμίρα, Φάκας Γιώργος, Νίλσεν Μαριάννα, πνευστά. Καβουμαρτζίδης Γιάννης, τζουρά. 
650 0 |a Popular music  |z Greece  |z Samos (Municipality) 
650 0 0 |a Popular music  |y 20th century. 
650 0 |a Folk songs, Greek  |z Greece  |z Samos (Municipality) 
650 0 0 |a Rock music  |y 2001-2010. 
852 |a INST  |b LESVOS  |c AV  |e 20071205  |h 782.42 ΜΟΥ  |p 005100041089  |q 005100041089  |t CD  |y 23 
901 |a BIBL1-2007-3 
970 |a ΚΑΡΑ  |b ΓΙΑΣΕΜΗ  |z 2007/12/05